ICU Manual for Nurses/ (Record no. 1794)

MARC details
000 -LEADER
Fixed length control field 00506nam a22001937a 4500
003 - CONTROL NUMBER IDENTIFIER
Control field IIN
005 - DATE AND TIME OF LATEST TRANSACTION
Control field 20250505124718.0
008 - FIXED-LENGTH DATA ELEMENTS--GENERAL INFORMATION
Fixed length control field 250505s2017 |||ad||| |||| 001 0 eng d
020 ## - INTERNATIONAL STANDARD BOOK NUMBER / ISBN
International Standard Book Number 9789386322968
Price Rs.795.00
040 ## - CATALOGING SOURCE
Original cataloging agency IIN
082 ## - DEWEY DECIMAL CLASSIFICATION NUMBER
Classification number 610.73677
Book Number SHA
100 ## - MAIN ENTRY--PERSONAL NAME
Personal name Shastri, Prakash
245 ## - TITLE STATEMENT
Title ICU Manual for Nurses/
Statement of responsibility Prakash Shastri
260 ## - IMPRINT
Place of publication New Delhi
Name of publisher Jaypee
Date of publication 2017
300 ## - PHYSICAL DESCRIPTION
Page / Vol. No viii, 238 p.
Other physical details ill.
500 ## - GENERAL NOTE
General note Includes Index
650 ## - SUBJECT ADDED ENTRY--TOPICAL TERM
Topical term ICU
Form subdivision Medical-Surgical
General subdivision Nursing
942 ## - ADDED ENTRY ELEMENTS (KOHA)
Koha item type Books
Holdings
Withdrawn status Lost status Source of classification Damaged status Not for loan Collection code Home library Current library Shelving location Date acquired Price Total Checkouts Call number Accession number Date last seen Price effective from Koha item type
    Dewey Decimal Classification     Purches Book IDEAL INSTITUTE OF NURSING IDEAL INSTITUTE OF NURSING General Stacks 11/03/2025 795.00   610.73677 SHA 1987 05/05/2025 05/05/2025 Books
© Ideal Institute Of Nursing, All rights reserved.         Powered by Koha